| 000 | 00612nam a2200193 a 4500 | ||
|---|---|---|---|
| 001 | 524 | ||
| 003 | CDMR | ||
| 005 | 20151030104202.0 | ||
| 008 | 130130s1968||||||||||||||||||||||||||||d | ||
| 040 |
_aCDMR _bcat _cCDMR |
||
| 100 | 1 |
_aGonzález Casanova, José Antonio _9378 |
|
| 245 | 1 | 0 |
_aComunicación humana y comunidad política _b: una aproximación al Derecho Político _cJosé A. González Casanova |
| 260 |
_aMadrid _c1968 _bTecnos |
||
| 300 | _a276 p. | ||
| 490 | 0 | _aBiblioteca universitaria Tecnos | |
| 650 | 0 | 4 |
_92305 _aComunicació _xAspectes polítics |
| 650 | 0 | 4 |
_9388 _aComunicació humana |
| 942 |
_cMON _2udc |
||
| 999 |
_c524 _d524 |
||